Pirineu català : guia itinerari del excursionista a Camprodon / per Cesar August Torras guia itinerari del excursionista a Camprodon / per Cesar August Torras
Descripción Física:
643 p. : il., map. ; 19 cm
MARC
| LEADER | 00000nam a2200000Ia 4500 | ||
|---|---|---|---|
| 001 | 14473 | ||
| 008 | 160829s1902 xx 000 0 cat d | ||
| 080 | |a H-2-152 | ||
| 100 | |a Torras, Cèsar August |9 25495 | ||
| 245 | |a Pirineu català : |b guia itinerari del excursionista a Camprodon / per Cesar August Torras | ||
| 260 | |a Barcelona : |b Tip. L'Avenç, |c 1902 | ||
| 300 | |a 643 p. : |b il., map. ; |c 19 cm | ||
| 590 | |a A la portada consta: Comarca de Camprodon. Vall de Ribes. Valls de Llerca. Vallespir. Montanyes del Canigó. Conflent. Cerdanya. Ripollés [sic], Alt Llobregat y [sic] vessants superiors de l'esquerra del Fluvià. | ||
| 590 | |a Amb: 150 itineraris, 210 fotogravats, 3 perfils de montanyes, 8 mapes. | ||
| 590 | |a Índex | ||
| 650 | |a Pirineu Català |x Guies |9 25499 | ||
| 650 | |a Pirineu Català |x Circuits turístics |9 25500 | ||
| 901 | |a Arxiu | ||
| 942 | |n 1 | ||
| 952 | |0 0 |1 0 |4 0 |6 H2152 |7 1 |9 43648 |a Arxiu |b Arxiu |d 2016-12-01 |l 0 |o H-2-152 |p 14473 |r 2016-12-01 00:00:00 |w 2016-12-01 |y ARXIU | ||
| 999 | |c 46196 |d 46196 | ||